000 00381nam a2200181Ia 4500
003 0STCL
008 150530s9999 xx 000 0 und d
040 _aSTCL
_cSTCL
100 _aBalakrishnan , B.C.
245 _aSabdasurabhi
250 _a1
260 _c2005
_aTvm
300 _a0
546 _aMalayalam
942 _2ddc
_cBK
999 _c16934
_d16934
005 20220125165759.0